| 000 | 00617nam a2200205Ia 4500 | ||
|---|---|---|---|
| 003 | GCL | ||
| 008 | 140319s9999 xx 000 0 ara d | ||
| 040 |
_aGCL / _cGCL |
||
| 082 | 0 | 4 |
_a301.32 _bم د |
| 100 | 1 | _aمحمد زكريا عبدالمقصود | |
| 245 | 1 | 0 |
_aدراسات فى علم السكان / _cمحمد زكريا عبدالمقصود |
| 260 |
_a[S.N] : _bمكتبة نهضة الشرق ، _c1981 |
||
| 300 | _a298 ص | ||
| 490 | _a | ||
| 650 | 0 | 4 | _aالعلم |
| 650 | 0 | 4 | _aالسكان |
| 650 | 0 | 4 | _aالبيئة والانسان |
| 650 | 0 | 4 | _aالبيئة المدرسية |
| 942 |
_2ddc _cBK |
||
| 999 |
_c33172 _d33172 |
||